000 00482cam a22001931 4500
001 ne 62001405
003 DLC
005 20260227111737.0
008 950505s1961 ii 000 0 arao
010 _ane 62001405
035 _a(OCoLC)32427372
040 _aDLC
_cCU
_dCU
_dDLC
042 _apremarc
050 0 0 _aPJ7832.U72
_bD5
100 1 _aḤusaynī, Ḥasan Jamāl.
245 1 0 _aDhikrayāt ṣibā siyāsī muḥtarif.
260 _c[1961?]
300 _a475 p.
_c20 cm.
999 _c45274
_d45274